Deutsche Städte, die auf -hafen / -haven enden - Statistiken

Allgemein
  • Dieses Quiz wurde 102 mal gespielt
  • Das Durchschnittsergebnis liegt bei 4 aus 5
Antwortstatistiken
BL Einwohner Stadt % Korrekt
HB 118.610 Bremerhaven
99%
RP 177.222 Ludwigshafen am Rhein
96%
NI 49.697 Cuxhaven
89%
NI 75.745 Wilhelmshaven
82%
BW 62.796 Friedrichshafen
76%
Keine übereinstimmenden Quizze gefunden
Verteilung der Resultate
Anzahl Personen mit jedem Resultat
Perzentil nach korrekt beantworteten Fragen
Ihre Resultats-Entwicklung
Sie haben dieses Quiz noch nicht gespielt